000
00237nam a2200097Ia 4500
001
644292
005
20250826153602.0
008
250824s9999 xx 000 0 und d
245
0
_a
ASIMIN NESLİ
_c
MUSTAFA ARMAĞAN
260
_b
TİMAŞ TARİH
999
_c
644292
_d
644292